Rodzaje chmur (nazwy polskie, wersja z opisem) - Statystyki

Ogólne statystyki
  • Ten quiz został rozwiązany 8 razy
  • Średni wynik to 5 z 10
Statystyki odpowiedzi
Piętra chmur Charakterystyka Chmura % Poprawnych
wysokie pojedyncze, delikatne, włókniste, zbudowane z kryształów lodu, nie przysłaniają Słońca, nie dają opadów, ale zapowiadają zmianę pogody pierzaste
100%
wysokie "baranki", nie dają opadów atmosferycznych, zapowiadają zmianę pogody kłębiasto-pierzaste
86%
pionowe chmury typowe dla lata, o wyraźnych zarysach kłębów, najczęściej białe z ciemną podstawą, sygnalizującą ładną pogodę kłębiaste
57%
wysokie zapowiadają zdecydowane pogorszenie się pogody, powodują efekt "halo" wokół Księżyca i Słońca warstwowo-pierzaste
57%
pionowe chmury dające burzę, gwałtowne opady deszczu i gradu, wysoko rozbudowane, o ciemnej barwie kłębiasto-deszczowe (burzowe)
43%
średnie szare warstwy chmur pokrywają prawie całkowicie niebo, dają przelotne opady deszczu lub śniegu warstwowe średnie
43%
średnie nie dają opadów atmosferycznych, ławice szarawych chmur zapowiadają ochłodzenie kłębiaste średnie
29%
niskie szare lub białe ławice chmur kłębiasto-warstwowe
29%
niskie nisko zalegające szare warstwy pokrywające całe niebo, dają opad deszczu lub śniegu warstwowe niskie
29%
niskie szare, grube warstwy chmur powodują opady deszczu warstwowo-deszczowe
29%
Nie znaleziono quizów pasujących do podanych kryteriów
Rozkład punktacji
Procent ludzi z każdym wynikiem
Percentyl według liczby udzielonych odpowiedzi
Twoja historia wyników
Nie rozwiązałeś tego quizu